Flight from reality.

Bibliographic Details
Main Author: Taylor, Norman, 1883-1967
Format: Book
Language:English
Published: New York : Duell, Sloan and Pearce, [1949]
Edition:[1st ed.].
Subjects:

MARC

Tag First Indicator Second Indicator Subfields
LEADER 00000cam a2200000 4500
001 in00000057981
005 20151008050950.0
008 730103s1949 eng u
010 |a  49008761  
035 |a (OCoLC)00527995 
035 |9 AAG4639AM 
040 |c OUN  |d TXA  |d UtOrBLW 
049 |a TXAM  |c [164410] 
050 0 |a GT3010  |b .T38 
082 0 |a 178.8 
092 |a 178.8  |b T244f 
100 1 |a Taylor, Norman,  |d 1883-1967. 
245 1 0 |a Flight from reality. 
250 |a [1st ed.]. 
264 1 |a New York :  |b Duell, Sloan and Pearce,  |c [1949] 
300 |a 237 pages ;  |c 21 cm. 
336 |a text  |b txt  |2 rdacontent 
337 |a unmediated  |b n  |2 rdamedia 
338 |a volume  |b nc  |2 rdacarrier 
504 |a Bibliography: pages 216-229. 
650 0 |a Narcotics. 
999 |a MARS 
999 f f |s 9cfea429-6be5-3c3b-bdf9-c8eeced8a971  |i 0fbab29e-0d2f-3e6b-ac3b-0737825d9d08  |t 0 
952 f f |p ric  |a Texas A&M University  |b Rellis Campus  |c Joint Library Facility  |d Remote Storage  |t 0  |e GT3010 .T38  |h Library of Congress classification  |i unmediated -- volume  |m A14800537151 
998 f f |a GT3010 .T38  |t 0  |l Remote Storage